| 000 | 00935cam a2200265 4500 | ||
|---|---|---|---|
| 008 | 020107n2001 000 0 eng u | ||
| 020 | _a0071370439 | ||
| 035 | _a(Sirsi) u116169 | ||
| 050 | _a690.8 | ||
| 100 | _aLevy, S. | ||
| 245 | _aResidential construction databook | ||
| 260 |
_aUSA _bMcGraw Hill _c2001 |
||
| 300 | _a832p. ; 28cm. | ||
| 350 | _a65.00 | ||
| 520 | _aAn American publication, this one-source reference guide to residential building components, materials of construction and helpful installation and maintenance tips can be used at every phase of residential construction. | ||
| 650 | _aHOUSE BUILDING | ||
| 650 | _aHOUSE BUILDING | ||
| 650 | _aRESIDENTIAL CONSTRUCTION | ||
| 650 | _aCONSTRUCTION COSTS | ||
| 650 | _aBUILT ENVIRONMENT-BUILDING COSTS | ||
| 650 | _aMANAGEMENT-PROJECT MANAGEMENT | ||
| 650 | _aUNITED STATES OF AMERICA | ||
| 690 | _aBUILT ENVIRONMENT-BUILDING COSTS | ||
| 942 | _n0 | ||
| 999 |
_c101828 _d101828 |
||